| 000 | 01198nam a22002537a 4500 | ||
|---|---|---|---|
| 005 | 20170124103203.0 | ||
| 010 | _aB-195526 | ||
| 020 |
_c300.00 _a8175700610 |
||
| 035 | _aB-195526 | ||
| 037 | _bCen Lib/Ret | ||
| 040 |
_aDPL _bHN |
||
| 082 |
_a220.2 _bकृष्णद |
||
| 100 |
_aकृष्णदत्त शास्त्री _945019 |
||
| 245 |
_aवेदामृतम : _cकृष्णदत्त शास्त्री _bवेड शास्त्रों से प्रमानोक्त / |
||
| 246 |
_aVedamritam : veda shastron se pramanokt / _bby Krishan Datta Shastri |
||
| 260 |
_aनई दिल्ली _bसूर्यप्रभा प्रकाशन _c2005 |
||
| 270 |
_bनई दिल्ली _a2/9, अंसारी रोड, दरियागंज _e110002 |
||
| 300 |
_a279पृ. _c21सेमी (सजिल्द) |
||
| 650 |
_aहिन्दू धर्म -- वेद _99498 |
||
| 650 |
_aअध्यात्म एवं परमात्मा _987556 |
||
| 650 |
_aHinduism -- Veda _992710 |
||
| 650 |
_aSpirituality and divine _992711 |
||
| 942 |
_2ddc _cHN _h220.2 _mकृष्णद |
||
| 999 |
_c120809 _d120809 |
||